| 000 | 00895cam a2200205 4500 | ||
|---|---|---|---|
| 001 | WB3729-26 | ||
| 008 | 010724n2001 000 0 eng u | ||
| 035 | _a(Sirsi) u113737 | ||
| 245 | _aFunding rivalry 'fuelled conflict in Bradford' | ||
| 260 | _c2001 | ||
| 490 |
_aUrban Environment Today _v 19 July 2001, 6(1) |
||
| 520 | _aReview of race relations conducted in Bradford argues regeneration schemes that force communities to compete against each other contributed to the recent conficts in the city. Report says local people often fail to see positive results from the initiatives. To view a copy of the report go to Bradford Vision website at http://www.bradford2020.com/pride/report.html | ||
| 590 | _aWB | ||
| 650 | _aREGENERATION SCHEMES | ||
| 650 | _aRACE RELATIONS | ||
| 650 | _aCOMMISSION FOR RACIAL EQUALITY | ||
| 650 | _aBRADFORD | ||
| 690 | _aREGENERATION | ||
| 942 | _n0 | ||
| 999 |
_c67764 _d67764 |
||